نعيم أهل الجنة و عذاب أهل النار / (رقم التسجيلة. 53444)

تفاصيل مارك
000 -الفاتح
عناصر البيانات ثابتة الطول 00729cam a2200205 i 4500
005 - تاريخ ووقت آخر معاملة
حقل ضبط 20251207104102.0
008 - عناصر البيانات ثابتة الطول
عناصر البيانات ثابتة الطول 250721s2003 jo gr 000 0 ara d
082 14 - رقم تصنيف ديوي العشري
رقم التصنيف 214.5
رقم المادة م ص ط
100 1# - مدخل رئيسي – اسم شخصي
الاسم الشخصي مصطفى، أسامه نعيم
علاقة الشخص بالعمل/ دوره معد.
245 10 - بيان العنوان
العنوان نعيم أهل الجنة و عذاب أهل النار /
بيان المسؤولية اعداد اسامه نعيم مصطفي ، تدقيق ياسر سلامة.
250 ## - بيان الطبعة
بيان الطبعة الطبعه الاولى.
264 31 - بيانات النشر، التوزيع…إلخ
مكان النشر، التوزيع...إلخ عمان :
اسم الناشر، الموزع...إلخ دار عالم الثقافة،
تاريخ النشر، التوزيع...إلخ 2003.
300 ## - الوصف المادي
عدد الوحدات المكونة للوعاء 79صفحه.
650 17 - مدخل إضافي بالموضوع - مصطلح موضوعي
مصطلح موضوعي أو اسم جغرافي كعنصر مدخل اليوم الآخر.
650 17 - مدخل إضافي بالموضوع - مصطلح موضوعي
مصطلح موضوعي أو اسم جغرافي كعنصر مدخل الجنة.
650 17 - مدخل إضافي بالموضوع - مصطلح موضوعي
مصطلح موضوعي أو اسم جغرافي كعنصر مدخل النار.
700 1# - مدخل إضافي - اسم شخصي
الاسم الشخصي سلامه، ياسر
علاقة الشخص بالعمل/ دوره مدقق.
942 ## - بيانات إضافية (كوها)
نوع التنصيف Dewey Decimal Classification
نوع المادة (كوها) كتب
المقتنيات
حالة السحب حالة الفقدان مصدر التصنيف حالة التلف غير قابل للإعارة المكتبة الرئيسية المكتبة الحالية موقع الرف تاريخ التزويد الرقم المتسلسل Total Checkouts رقم الإستدعاء الباركود تاريخ آخر ظهور تاريخ الفاتورة نوع المادة (كوها)
    Dewey Decimal Classification     المكتبة المركزية المكتبة المركزية الإعارة 06/07/2004 585115   214.5 / م ص ط 585115 28/07/2025 06/07/2004 كتب
    Dewey Decimal Classification Unchecked   مكتبة أبو علندا العامة مكتبة أبو علندا العامة الإعارة 06/07/2004 585154   214.5/مصط   28/07/2025 06/07/2004 كتب
    Dewey Decimal Classification     مكتبة أم قصير والمقابلين العامة مكتبة أم قصير والمقابلين العامة الإعارة 06/07/2004 585156   214.5/مصط 585156 28/07/2025 06/07/2004 كتب
    Dewey Decimal Classification Unchecked   مكتبة الاميرة بديعة مكتبة الاميرة بديعة الإعارة 28/07/2025 585150   214.5/مصط   28/07/2025 28/07/2025 كتب
    Dewey Decimal Classification     مكتبة الجويدة مكتبة الجويدة الإعارة 28/07/2025 585157   214.5/مصط 585157 28/07/2025 28/07/2025 كتب
    Dewey Decimal Classification     مكتبة النصر العامة مكتبة النصر العامة الإعارة 28/07/2025 585158   214.5/مصط 585158 28/07/2025 28/07/2025 كتب
    Dewey Decimal Classification Unchecked   مكتبة حمزة العامة مكتبة حمزة العامة الإعارة 28/07/2025 585152   214.5/مصط   28/07/2025 28/07/2025 كتب
    Dewey Decimal Classification     مكتبة صويلح العامة مكتبة صويلح العامة الإعارة 06/07/2004 585148   214.5/مصط 585148 28/07/2025 06/07/2004 كتب
Implemented & Customized by: BBB with SCIT (Smart Chains for Information Technology)

Powered by Koha